Affrontez l'Alphabet #29 (spécial footballeurs) - Statistiques

Statistiques générales
  • Ce quiz a été pris 114 fois
  • Le résultat moyen est 6 sur 11
Statistiques - réponses
Hint Réponse % Correct
Donne les 2 lettres manquantes dans le nom de ce footballeur : Alfredo Di Sté_a_o
FN
100%
Donne les 2 lettres manquantes dans le nom de ce footballeur : Ferenc _u_kás
PS
85%
Donne les 2 lettres manquantes dans le nom de ce footballeur : G_rd _üller
EM
79%
Donne les 2 lettres manquantes dans le nom de ce footballeur : Lev _a_hine
YC
79%
Donne les 2 lettres manquantes dans le nom de ce footballeur : Dino _ _ff
ZO
67%
Donne les 2 lettres manquantes dans le nom de ce footballeur : Karl-Heinz _ _ mmenigge
RU
57%
Donne les 2 lettres manquantes dans le nom de ce footballeur : Dejan Sa_ _ćević
VI
37%
Donne les 2 lettres manquantes dans le nom de ce footballeur : Kenny _alglis_
DH
32%
Donne les 2 lettres manquantes dans le nom de ce footballeur : Jari _i_manen
LT
32%
Donne les 2 lettres manquantes dans le nom de ce footballeur : Emilio _utra_ueño
BG
28%
Dernière Question : Donne la lettre manquante dans le nom de ce footballeur : Ruud _rol
K
23%
Aucun quiz correspondant
Distribution des résultats
% des personnes avec chaque résultat
Percentile par nombre de réponses
Votre historique - résultats
Vous n’avez pas pris ce quiz